Israel y los árabes (Record no. 83819)

MARC details
000 -LEADER
campo de control de longitud fija 00761nam a2200229 i 4500
001 - NÚMERO DE CONTROL
campo de control 83819
003 - IDENTIFICADOR DE NÚMERO DE CONTROL
campo de control ES-MaACL
005 - FECHA Y HORA DE LA ÚLTIMA TRANSACCIÓN
campo de control 20250829063016.0
007 - CAMPO FIJO DE DESCRIPCIÓN FÍSICA--INFORMACIÓN GENERAL
campo de control de longitud fija t|
008 - DATOS DE LONGITUD FIJA--INFORMACIÓN GENERAL
campo de control de longitud fija 041118s1968 sp ||||1| spa d
245 00 - MENCIÓN DEL TÍTULO
Título Israel y los árabes
Resto del título : el tercer combate /
Mención de responsabilidad, etc. Eric Rouleau... [et al.] ; [versión de Javier Costa Clavell].
250 ## - MENCION DE EDICION
Mención de edición [1ª ed.].
260 ## - PUBLICACIÓN, DISTRIBUCIÓN, ETC.
Lugar de publicación, distribución, etc. [Barcelona :
Nombre del editor, distribuidor, etc. Llibres de Sinera,
Fecha de publicación, distribución, etc. 1968]
300 ## - DESCRIPCIÓN FÍSICA
Extensión 270 p. ;
Dimensiones 17 cm.
490 1# - MENCIÓN DE SERIE
Mención de serie Coleccion "Jarama" ;
Designación de volumen o secuencia 2
650 04 - PUNTO DE ACCESO ADICIONAL DE MATERIA--TÉRMINO DE MATERIA
Término de materia o nombre geográfico como elemento de entrada Guerra árabe-israelí, 1967.
9 (RLIN) 13180
700 1# - ENTRADA AGREGADA--NOMBRE PERSONAL
Nombre de persona Rouleau, Eric.
9 (RLIN) 100024
700 1# - ENTRADA AGREGADA--NOMBRE PERSONAL
Nombre de persona Costa Clavell, Xavier,
Fechas asociadas al nombre 1923-2006
9 (RLIN) 41089
830 0# - PUNTO DE ACCESO ADICIONAL DE SERIE-TÍTULO UNIFORME
Título uniforme Coleccion "Jarama" ;
Designación de volumen o secuencia 2
9 (RLIN) 231641
852 ## - LOCALIZACIÓN
Ubicación ES-MaACL
Número de control de estantería C-36104
Sublocalización o colección R.66741
Holdings
Estatus retirado Estado de pérdida Estado de daño No para préstamo Biblioteca de origen Biblioteca actual Ubicación en estantería Fecha de adquisición Fuente de adquisición Total de préstamos Signatura topográfica completa Código de barras Visto por última vez Precio de reemplazo Tipo de ítem Koha
        Biblioteca del Ateneo de Madrid Biblioteca del Ateneo de Madrid Depósito 2 17/01/2008     C-36104 1087599 23/02/2023 23/02/2023 Libro impreso